| 000 | 00927nam a22002895i 4500 | ||
|---|---|---|---|
| 001 | 15360 | ||
| 003 | ES-MaACL | ||
| 005 | 20250812045125.0 | ||
| 007 | t| | ||
| 008 | 000216s1991 sp ||||0| spa j | ||
| 020 | _a84-460-0032-6 | ||
| 040 |
_aM-BN _bspa _cM-BN |
||
| 080 | _a7.034 | ||
| 100 | 1 |
_aJestaz, Bertrand. _966360 |
|
| 245 | 1 | 3 |
_aEl arte del Renacimiento / _cBertrand Jestaz ; [traducción, Ana Ballester y Michel Maurice]. |
| 260 |
_aTorrejón de Ardoz : _bAkal, _cD.L. 1991. |
||
| 300 |
_a656 p. : _bil. col. y n. ; _c28 cm. |
||
| 490 | 1 | _aEl arte y las grandes civilizaciones | |
| 504 | _aBibliografía: p. 636-644. | ||
| 650 | 1 | 7 |
_aArte renacentista _2embne _910287 |
| 700 | 1 |
_aBallester, Ana. _924997 |
|
| 700 | 1 |
_aMaurice, Michel. _979256 |
|
| 830 | 0 |
_aEl arte y las grandes civilizaciones _9228566 |
|
| 852 |
_aES-MaACL _jL-22565 _bR.127715 |
||
| 999 |
_c15360 _d15360 |
||